Joseph and his brothers / (Record no. 355748)
[ view plain ]
| 000 -LEADER | |
|---|---|
| fixed length control field | 00517nam a2200193Ia 4500 |
| 008 - FIXED-LENGTH DATA ELEMENTS--GENERAL INFORMATION | |
| fixed length control field | 180207s9999 xx 000 0 und d |
| 020 ## - INTERNATIONAL STANDARD BOOK NUMBER | |
| International Standard Book Number | 9780710507754 |
| 050 ## - LIBRARY OF CONGRESS CALL NUMBER | |
| Item number | T627 1995 |
| 100 ## - MAIN ENTRY--PERSONAL NAME | |
| Personal name | Toast, Sarah |
| 245 ## - TITLE STATEMENT | |
| Title | Joseph and his brothers / |
| 245 ## - TITLE STATEMENT | |
| Statement of responsibility, etc | story adaptation by Sarah Toast. |
| 260 ## - PUBLICATION, DISTRIBUTION, ETC. (IMPRINT) | |
| Place of publication, distribution, etc | Lincolnwood, Illinois : |
| 260 ## - PUBLICATION, DISTRIBUTION, ETC. (IMPRINT) | |
| Name of publisher, distributor, etc | Publications International, Ltd., |
| 260 ## - PUBLICATION, DISTRIBUTION, ETC. (IMPRINT) | |
| Date of publication, distribution, etc | 1995 |
| 300 ## - PHYSICAL DESCRIPTION | |
| Extent | unpaged : |
| 300 ## - PHYSICAL DESCRIPTION | |
| Other physical details | chiefly colored ; |
| 300 ## - PHYSICAL DESCRIPTION | |
| Dimensions | 20cm. |
| 440 ## - SERIES STATEMENT/ADDED ENTRY--TITLE | |
| Title | Little rainbow books. |
| Withdrawn status | Lost status | Damaged status | Home library | Current library | Date acquired | Total Checkouts | Full call number | Barcode | Date last seen | Price effective from | Koha item type |
|---|---|---|---|---|---|---|---|---|---|---|---|
| Stonyhurst Southville International School (Malarayat) | Stonyhurst Southville International School (Malarayat) | 02/07/2018 | ER T627 1995 | SSISM5293 | 02/07/2018 | 02/07/2018 | Books |